MARC

LEADER 00000nam0a2200000 4500
001 145351
005 20231031144034.0
035 |a (RuTPU)RU\TPU\book\157554 
090 |a 145351 
100 |a 20081016d1945 km y0rusy50 ca 
101 1 |a rus  |c eng 
102 |a RU 
105 |a a z 000zy 
200 1 |a Влияние легирующих элементов на свойства стали  |e пер. с англ.  |f Э. Бейн 
210 |a Москва  |c Металлургиздат  |d 1945 
215 |a 330 с.  |c ил. 
610 1 |a металлургия 
610 1 |a сталь 
610 1 |a легирующие добавки 
610 1 |a влияние 
610 1 |a свойства 
610 1 |a неметаллические включения 
610 1 |a аустенит 
610 1 |a прокаливаемость 
610 1 |a отпуск 
610 1 |a закаливание 
675 |a 669.15-194  |v 3 
700 1 |a Бейн  |b Э.  |g Эдгар 
801 1 |a RU  |b 63413507  |c 20081016  |g PSBO 
801 2 |a RU  |b 63413507  |c 20210618  |g PSBO 
942 |c BK